000 00596nam a2200181Ia 4500
008 100920s9999 xx 000 0 und d
082 _b73308
_a891.43 थ 99
100 _aकदम जयप्रकाश.
245 _aगूंगा नही था मैं.
260 _bअतिश प्रकाशन, दिल्ली.
_c1999
300 _a72
_bसाधी
365 _b65
520 _aहिंदी.
630 _aगूंगा नही था मैं.
650 _aहिंदी.
730 _aगूंगा नही था मैं.
942 _cBOOK
999 _c714987
_d714984